Loading...
| Literature - World | 0 | 10 | 1 | 0 | 95 | 91 | 120.20 | 0 | 0 | 0.00 | 0.00 |
| Fine Arts - Other | 0 | 9 | 0 | 1 | 90 | 51 | 97.00 | 0 | 3 | 0.00 | 0.00 |
| Religion | 0 | 4 | 1 | 0 | 35 | 92 | 126.00 | 0 | 0 | 0.00 | 0.00 |
| History - European | 0 | 3 | 0 | 1 | 30 | 88 | 130.33 | 0 | 0 | 0.00 | 0.00 |
| Social Science | 0 | 3 | 0 | 1 | 30 | 96 | 119.33 | 0 | 0 | 0.00 | 0.00 |
| Current Events | 0 | 2 | 0 | 1 | 20 | 95 | 118.50 | 0 | 1 | 0.00 | 0.00 |
| Geography | 0 | 2 | 0 | 1 | 20 | 97 | 121.00 | 0 | 0 | 0.00 | 0.00 |
| Philosophy | 0 | 3 | 2 | 0 | 20 | 98 | 128.67 | 0 | 0 | 0.00 | 0.00 |
| Science - Chemistry | 0 | 2 | 0 | 1 | 20 | 122 | 128.50 | 0 | 0 | 0.00 | 0.00 |
| Literature - European | 0 | 4 | 5 | 0 | 15 | 106 | 125.25 | 0 | 0 | 0.00 | 0.00 |
| Fine Arts - Classical Music | 0 | 2 | 1 | 0 | 15 | 118 | 125.00 | 0 | 0 | 0.00 | 0.00 |
| Literature - British | 0 | 1 | 1 | 0 | 5 | 133 | 133.00 | 0 | 0 | 0.00 | 0.00 |
| Fine Arts - Painting & Sculpture | 0 | 1 | 1 | 0 | 5 | 53 | 53.00 | 0 | 1 | 0.00 | 0.00 |
| Other Academic | 0 | 1 | 1 | 0 | 5 | 140 | 140.00 | 0 | 0 | 0.00 | 0.00 |
| Science - Other | 0 | 0 | 0 | 0 | 0 | 0.00 | 0 | 0 | 0.00 | 0.00 | |
| History - World | 0 | 1 | 2 | 0 | 0 | 151 | 151.00 | 0 | 0 | 0.00 | 0.00 |
| History - Other | 0 | 0 | 1 | 0 | -5 | 0.00 | 0 | 0 | 0.00 | 0.00 | |
| Mythology | 0 | 0 | 1 | 0 | -5 | 0.00 | 0 | 0 | 0.00 | 0.00 | |
| Literature - American | 0 | 1 | 6 | 0 | -20 | 159 | 159.00 | 0 | 0 | 0.00 | 0.00 |